[Event "Pro-Am 2010"]
[Site "Villa Martelli ARG"]
[Date "2010.10.13"]
[Round "2.32"]
[White "Perez Ponsa, Federico"]
[Black "Torella, Rodolfo"]
[Result "1-0"]
[WhiteElo "2469"]
[BlackElo "2030"]
[PlyCount "85"]
[EventDate "2010.10.10"]
[EventType "swiss"]
[EventRounds "9"]
[EventCountry "ARG"]
[Source "lmi"]
[SourceDate "2010.10.10"]

1. e4 c5 2. Nc3 Nc6 3. Bb5 Nd4 4. Bc4 d6 5. Nge2 g6 6. Nxd4 cxd4 7. Ne2 Bg7 8.
d3 e6 9. O-O Ne7 10. Bb3 O-O 11. Bd2 d5 12. f3 Bd7 13. Qc1 f5 14. exd5 Nxd5 15.
Bxd5 exd5 16. Bh6 Bxh6 17. Qxh6 Qb6 18. Qf4 Rac8 19. Rfc1 Qxb2 20. Nxd4 Qb6 21.
Rab1 Qc7 22. Qxc7 Rxc7 23. Kf2 Rfc8 24. Ke3 Kf7 25. f4 b6 26. Kd2 Rc3 27. Rb3
R3c5 28. Re1 R8c7 29. g3 h6 30. Rb2 Rc3 31. Re5 R3c5 32. Nb3 Rb5 33. Rb1 a5 34.
Rbe1 a4 35. Nd4 Rbc5 36. Re7+ Kg8 37. a3 Bc8 38. Re8+ Kg7 39. Rd8 Rc3 40. Ree8
Kf7 41. h4 Ba6 42. Rh8 Kg7 43. Ne6+ 1-0

[Event "Pro-Am 2010"]
[Site "Villa Martelli ARG"]
[Date "2010.10.13"]
[Round "2.34"]
[White "Julia, Ernesto"]
[Black "Antonel, Lucas Gonzalo"]
[Result "1-0"]
[WhiteElo "2388"]
[BlackElo "1902"]
[PlyCount "93"]
[EventDate "2010.10.10"]
[EventType "swiss"]
[EventRounds "9"]
[EventCountry "ARG"]
[Source "lmi"]
[SourceDate "2010.10.10"]

1. Nf3 Nf6 2. c4 g6 3. Nc3 Bg7 4. g3 d6 5. Bg2 O-O 6. O-O e5 7. d3 Nc6 8. Rb1
Nd7 9. b4 f5 10. b5 Ne7 11. Qc2 Nc5 12. Nd2 Be6 13. Ba3 Rb8 14. Rfc1 f4 15.
Bxc5 dxc5 16. Nce4 b6 17. Rb3 Qd7 18. Ra3 c6 19. Qa4 cxb5 20. Qxb5 a5 21. Qxd7
Bxd7 22. Rb3 Nf5 23. Rb2 Nd4 24. Nf3 fxg3 25. hxg3 Bf5 26. Nxd4 exd4 27. Rcb1
Bxe4 28. Bxe4 Rf6 29. Rb5 Bf8 30. Rxa5 Bd6 31. Ra7 Rff8 32. Kg2 Rfc8 33. Rd7
Rd8 34. Bd5+ Kh8 35. Rxd8+ Rxd8 36. Rxb6 Be7 37. a4 Rd7 38. Bb7 Bd8 39. Rb5 Re7
40. Kf1 Kg7 41. a5 Bxa5 42. Rxa5 Rxb7 43. Rxc5 Rd7 44. f4 Kf6 45. Kf2 Ke6 46.
Kf3 Kf6 47. Rd5 1-0

[Event "Pro-Am 2010"]
[Site "Villa Martelli ARG"]
[Date "2010.10.13"]
[Round "2.36"]
[White "Leal, Jorge Augusto"]
[Black "Ibar, Marcelo"]
[Result "1/2-1/2"]
[WhiteElo "1625"]
[BlackElo "2217"]
[PlyCount "57"]
[EventDate "2010.10.10"]
[EventType "swiss"]
[EventRounds "9"]
[EventCountry "ARG"]
[Source "lmi"]
[SourceDate "2010.10.10"]

1. d4 c5 2. c3 cxd4 3. cxd4 Nf6 4. Nf3 g6 5. Nc3 d5 6. Bf4 Nc6 7. e3 a6 8. Bd3
Bg7 9. h3 O-O 10. a3 b5 11. b4 Bb7 12. O-O Rc8 13. Rc1 e6 14. Qb3 Qe7 15. Bh2
Rfd8 16. Rfd1 Nd7 17. Be2 Nb6 18. Rb1 Bf8 19. Ne5 Nxe5 20. Bxe5 Rc6 21. Rdc1
Rdc8 22. Na2 Nc4 23. Bxc4 dxc4 24. Qc2 Bg7 25. Bxg7 Kxg7 26. Nc3 f5 27. f4 Rd6
28. Rd1 Rcd8 29. Qf2 1/2-1/2

[Event "Pro-Am 2010"]
[Site "Villa Martelli ARG"]
[Date "2010.10.13"]
[Round "2.38"]
[White "Ariganello, Sebastian"]
[Black "Daneri, Martin"]
[Result "1/2-1/2"]
[WhiteElo "1840"]
[BlackElo "2091"]
[PlyCount "118"]
[EventDate "2010.10.10"]
[EventType "swiss"]
[EventRounds "9"]
[EventCountry "ARG"]
[Source "lmi"]
[SourceDate "2010.10.10"]

1. e4 e6 2. d3 d5 3. Nd2 c5 4. Ngf3 Nc6 5. g3 Bd6 6. Bg2 Nge7 7. O-O O-O 8. Nh4
g5 9. Nhf3 h6 10. Ne1 Qc7 11. Qh5 Kg7 12. f4 gxf4 13. gxf4 Bxf4 14. Kh1 Ng6 15.
exd5 exd5 16. Bxd5 Nce5 17. Qe2 Bg4 18. Qf2 Rae8 19. Ne4 f5 20. Qxc5 Nxd3 21.
cxd3 fxe4 22. Qxc7+ Bxc7 23. Rxf8 Rxf8 24. Bxe4 Bb6 25. h3 Bxh3 26. Nf3 Bg4 27.
Nh2 Bh5 28. Bd2 Bd4 29. Rf1 Rxf1+ 30. Nxf1 Bxb2 31. Ng3 Bg4 32. Bxb7 Ne5 33.
Be4 h5 34. Kg2 Kf6 35. Be3 a5 36. Nf1 a4 37. d4 Nc4 38. Bf2 Bc1 39. Bd5 Be6 40.
Bh4+ Kf7 41. Bf3 Bg4 42. Bxg4 hxg4 43. Kg3 Ke6 44. Kxg4 Kd5 45. Bf2 Bb2 46. Kf3
Bxd4 47. Be1 Ne5+ 48. Ke2 Kc5 49. Kd1 Nd3 50. Bd2 Nb4 51. Bxb4+ Kxb4 52. Kc2
Be5 53. Ne3 Kc5 54. Ng4 Bd4 55. Nh6 Kc4 56. Nf5 Bc5 57. Ng3 Bd4 58. Ne2 Be5 59.
Nc1 Bf6 1/2-1/2

[Event "Pro-Am 2010"]
[Site "Villa Martelli ARG"]
[Date "2010.10.13"]
[Round "2.40"]
[White "Virgillito, Cristian"]
[Black "Chavarria, Bily"]
[Result "1-0"]
[WhiteElo "2239"]
[BlackElo "1940"]
[PlyCount "55"]
[EventDate "2010.10.10"]
[EventType "swiss"]
[EventRounds "9"]
[EventCountry "ARG"]
[Source "lmi"]
[SourceDate "2010.10.10"]

1. e4 e5 2. Nf3 Nc6 3. d4 exd4 4. Nxd4 Bc5 5. Be3 Qf6 6. Nb5 Bxe3 7. fxe3 Qh4+
8. g3 Qxe4 9. Nxc7+ Kd8 10. Nxa8 Qxh1 11. Qd6 Nge7 12. Nc3 Qf3 13. Kd2 Nf5 14.
Qc7+ Ke7 15. Qf4 Qxf4 16. exf4 Kd8 17. Nd5 Nfd4 18. Nac7 Nf3+ 19. Kc3 Nxh2 20.
Be2 d6 21. Nb5 Be6 22. Ne3 f5 23. Nxd6 Kc7 24. Ndxf5 Bxf5 25. Nxf5 Re8 26. Bd3
g6 27. Rh1 Nf3 28. Rxh7+ 1-0

[Event "Pro-Am 2010"]
[Site "Villa Martelli ARG"]
[Date "2010.10.13"]
[Round "2.41"]
[White "Chiari, Arthur Gontijo"]
[Black "Restuccia, Francisco"]
[Result "0-1"]
[WhiteElo "1929"]
[BlackElo "2153"]
[PlyCount "130"]
[EventDate "2010.10.10"]
[EventType "swiss"]
[EventRounds "9"]
[EventCountry "ARG"]
[Source "lmi"]
[SourceDate "2010.10.10"]

1. e4 c5 2. Nf3 d6 3. d4 cxd4 4. Nxd4 Nf6 5. Nc3 a6 6. f3 e5 7. Nb3 Be7 8. Be3
Be6 9. Qd2 O-O 10. O-O-O a5 11. Na4 d5 12. Nb6 d4 13. Nxa8 Nc6 14. Bg5 a4 15.
Nc5 Bxc5 16. Bxf6 gxf6 17. a3 Qxa8 18. Qh6 Qd8 19. f4 exf4 20. Bd3 Ne5 21. Qxf4
Bd6 22. Qh6 Ng6 23. Rdf1 Qc7 24. g3 Be5 25. h4 Bxg3 26. Kb1 Bf4 27. Qh5 Qe5 28.
Qf3 h5 29. Rhg1 Be3 30. Rg2 Bg4 31. Rxg4 hxg4 32. Qxg4 Qh2 33. h5 Qh4 34. Qf5
Ne5 35. Be2 Qg5 36. Qh3 Kg7 37. Rf5 Qg1+ 38. Rf1 Qg5 39. Rf5 Qh6 40. Qg3+ Kh8
41. Qh4 Rg8 42. Ka2 Rg5 43. Rf1 Kg7 44. Qh3 Qh8 45. Rh1 Qe8 46. Qf1 Qe6+ 47.
Kb1 Ng4 48. h6+ Nxh6 49. Bd3 Qe5 50. Ka2 Qf4 51. Qd1 Ng4 52. Rf1 Nf2 53. Qe2
Qg3 54. Bb5 Nxe4 55. Qd3 Nf2 56. Qc4 Qg2 57. Be8 Qd5 58. Qxd5 Rxd5 59. Bxa4 f5
60. Bb3 Rc5 61. Rg1+ Kf6 62. Rg8 f4 63. Rf8 Rc7 64. a4 Ne4 65. Bd5 Nd2 0-1

[Event "Pro-Am 2010"]
[Site "Villa Martelli ARG"]
[Date "2010.10.13"]
[Round "2.43"]
[White "Cabral, Matias Andres"]
[Black "Ligato, Guillermo Fernando"]
[Result "1-0"]
[WhiteElo "2095"]
[BlackElo "1917"]
[PlyCount "85"]
[EventDate "2010.10.10"]
[EventType "swiss"]
[EventRounds "9"]
[EventCountry "ARG"]
[Source "lmi"]
[SourceDate "2010.10.10"]

1. e4 Nf6 2. Nc3 e5 3. Bc4 b5 4. Bxb5 c6 5. Ba4 Bc5 6. Nf3 O-O 7. O-O d5 8.
exd5 e4 9. Ne5 Bd4 10. Nxc6 Nxc6 11. Bxc6 Qd6 12. Nb5 Qe5 13. Nxd4 Ng4 14. g3
Qxd4 15. Bxa8 Ne5 16. d3 Nf3+ 17. Kh1 Bg4 18. Bf4 Rxa8 19. dxe4 Qxe4 20. Qd3
Bf5 21. Qxe4 Bxe4 22. Rfd1 g5 23. Bc7 Re8 24. g4 h5 25. gxh5 Kg7 26. Kg2 f5 27.
d6 Ne5+ 28. Kf1 Nd7 29. Re1 Rh8 30. f3 Bc6 31. Re7+ Kf6 32. Rae1 f4 33. h6 Kf5
34. h7 g4 35. fxg4+ Kxg4 36. Kf2 Kf5 37. h4 Nf6 38. R1e5+ Kg4 39. Rg5+ Kxh4 40.
Rg6 Ne4+ 41. Rxe4 Bxe4 42. d7 Kh5 43. d8=Q 1-0

[Event "Pro-Am 2010"]
[Site "Villa Martelli ARG"]
[Date "2010.10.13"]
[Round "2.44"]
[White "Calens, Diego"]
[Black "Micele, Omar"]
[Result "1-0"]
[WhiteElo "2095"]
[BlackElo "1884"]
[PlyCount "85"]
[EventDate "2010.10.10"]
[EventType "swiss"]
[EventRounds "9"]
[EventCountry "ARG"]
[Source "lmi"]
[SourceDate "2010.10.10"]

1. d4 d5 2. c4 e6 3. Nf3 Nf6 4. g3 Be7 5. Bg2 O-O 6. O-O Nbd7 7. Qc2 c6 8. b3
b6 9. Rd1 Bb7 10. Nc3 Rc8 11. e4 Ne8 12. Bb2 Qc7 13. Rac1 dxe4 14. Nxe4 h6 15.
Qe2 Ba6 16. Qe3 Ndf6 17. Nc3 Nd6 18. Ne5 Nf5 19. Qe1 c5 20. d5 Nd4 21. dxe6
fxe6 22. Nf3 Nxf3+ 23. Bxf3 Kf7 24. Nb5 Bxb5 25. Be5 Bc6 26. Bxc7 Bxf3 27. Rd3
Be4 28. Re3 Bf5 29. Be5 Ng4 30. Re2 Rcd8 31. Bc3 Nf6 32. f3 Rd6 33. g4 Bh7 34.
Be5 Rc6 35. Rd1 Ke8 36. Qd2 Kf7 37. Bxf6 Rd6 38. Qe1 Rxd1 39. Qxd1 Kxf6 40. Qd7
Bg8 41. Qxa7 Bd8 42. Rd2 Kg5 43. Rxd8 1-0

[Event "Pro-Am 2010"]
[Site "Villa Martelli ARG"]
[Date "2010.10.13"]
[Round "2.45"]
[White "Bernal, Gustavo"]
[Black "Rivero, Raul Omar"]
[Result "1-0"]
[WhiteElo "2094"]
[BlackElo "1857"]
[PlyCount "47"]
[EventDate "2010.10.10"]
[EventType "swiss"]
[EventRounds "9"]
[EventCountry "ARG"]
[Source "lmi"]
[SourceDate "2010.10.10"]

1. d4 e6 2. Nf3 b6 3. c4 Nf6 4. a3 Ba6 5. Qc2 Be7 6. e4 d5 7. e5 Nfd7 8. Nc3
dxc4 9. Be2 O-O 10. h4 Re8 11. Ng5 Nf8 12. Bf3 c6 13. Be4 g6 14. Qd1 f5 15.
exf6 Bxf6 16. Qf3 Qe7 17. Bf4 Bxd4 18. h5 e5 19. Bd2 Ne6 20. Nxe6 Qxe6 21. hxg6
hxg6 22. Rh6 Qf7 23. Rh8+ Kg7 24. Rh7+ 1-0

[Event "Pro-Am 2010"]
[Site "Villa Martelli ARG"]
[Date "2010.10.13"]
[Round "2.46"]
[White "Perez, Mario Abel"]
[Black "Mirada, Luciano"]
[Result "1/2-1/2"]
[WhiteElo "2090"]
[BlackElo "1855"]
[PlyCount "106"]
[EventDate "2010.10.10"]
[EventType "swiss"]
[EventRounds "9"]
[EventCountry "ARG"]
[Source "lmi"]
[SourceDate "2010.10.10"]

1. d4 Nf6 2. Nf3 g6 3. Bg5 Bg7 4. e3 O-O 5. Nbd2 d6 6. Bd3 c5 7. c3 Nc6 8. O-O
Rb8 9. Qe2 a6 10. a4 Re8 11. Rfe1 Qc7 12. h3 Nd7 13. Bh4 h6 14. Bc4 e5 15. Qd3
Na5 16. dxe5 Nxe5 17. Nxe5 dxe5 18. Bd5 Be6 19. e4 g5 20. Bg3 Rbd8 21. c4 Nc6
22. Nb3 Qe7 23. Rad1 Nd4 24. Qc3 b6 25. a5 Rb8 26. Nxd4 cxd4 27. Qd2 b5 28. Bc6
Bd7 29. cxb5 axb5 30. Bxd7 Qxd7 31. b4 Rec8 32. h4 Qe7 33. hxg5 hxg5 34. Rb1
Rc4 35. Rec1 Rbc8 36. f3 Bf8 37. Be1 f6 38. Rxc4 Rxc4 39. Qa2 Kg7 40. a6 Qa7
41. Qa5 Rc6 42. Ra1 Rb6 43. Bf2 Rb8 44. Rc1 Bd6 45. Rc6 Qd7 46. Rb6 Bxb4 47.
Rxb8 Bxa5 48. Rb7 Qxb7 49. axb7 Bc7 50. Be1 Kf7 51. Bb4 Ke6 52. Kf1 f5 53. Ke2
f4 1/2-1/2

[Event "Pro-Am 2010"]
[Site "Villa Martelli ARG"]
[Date "2010.10.13"]
[Round "2.47"]
[White "Mendez, Ignacio"]
[Black "Ciurlanti, Federico"]
[Result "0-1"]
[WhiteElo "1874"]
[BlackElo "2079"]
[PlyCount "62"]
[EventDate "2010.10.10"]
[EventType "swiss"]
[EventRounds "9"]
[EventCountry "ARG"]
[Source "lmi"]
[SourceDate "2010.10.10"]

1. e4 c5 2. Nf3 d6 3. d4 cxd4 4. Nxd4 Nf6 5. Nc3 a6 6. Bg5 e6 7. f4 Be7 8. Qf3
Qc7 9. O-O-O b5 10. g4 b4 11. Nce2 Bb7 12. Bxf6 Bxf6 13. g5 Be7 14. Bh3 O-O 15.
Ng3 Nc6 16. g6 Nxd4 17. gxh7+ Kh8 18. Rxd4 f5 19. Qb3 fxe4 20. Bxe6 d5 21. Bxd5
Rad8 22. Rhd1 Qxf4+ 23. Kb1 Bc5 24. R4d2 Be3 25. Ne2 Qf2 26. c4 Bxd2 27. Rxd2
Bxd5 28. cxd5 Qe1+ 29. Qd1 Rf1 30. Qxe1 Rxe1+ 31. Kc2 e3 0-1

[Event "Pro-Am 2010"]
[Site "Villa Martelli ARG"]
[Date "2010.10.13"]
[Round "2.49"]
[White "Fernandez, Marcelo Fabian"]
[Black "Hoeschele, Hermann"]
[Result "1-0"]
[WhiteElo "2065"]
[BlackElo "1769"]
[PlyCount "73"]
[EventDate "2010.10.10"]
[EventType "swiss"]
[EventRounds "9"]
[EventCountry "ARG"]
[Source "lmi"]
[SourceDate "2010.10.10"]

1. e4 e5 2. Nf3 Nc6 3. Bb5 a6 4. Ba4 Nf6 5. O-O b5 6. Bb3 Be7 7. Qe2 O-O 8. c3
d6 9. d3 Bb7 10. Nbd2 Re8 11. Rd1 h6 12. Nf1 Nb8 13. Ng3 Bf8 14. Nf5 Nh7 15.
N3h4 Qf6 16. Qg4 Kh8 17. Bxf7 Qxf7 18. Ng6+ Kg8 19. Nxe5 Qxf5 20. exf5 Rxe5 21.
d4 Re4 22. Qg6 Nf6 23. f3 Re2 24. Kf1 Bxf3 25. gxf3 Rxh2 26. Qg3 Rh5 27. Ke2
Nbd7 28. Rg1 Re8+ 29. Kd3 c5 30. Bf4 c4+ 31. Kd2 Rxf5 32. Bxd6 Rg5 33. Qh2 Rh5
34. Qf4 Nd5 35. Qg4 N7f6 36. Qg6 Rh2+ 37. Bxh2 1-0

[Event "Pro-Am 2010"]
[Site "Villa Martelli ARG"]
[Date "2010.10.13"]
[Round "2.50"]
[White "Frei, Alejandro"]
[Black "Miranda, Rafael"]
[Result "0-1"]
[WhiteElo "1805"]
[BlackElo "2055"]
[PlyCount "86"]
[EventDate "2010.10.10"]
[EventType "swiss"]
[EventRounds "9"]
[EventCountry "ARG"]
[Source "lmi"]
[SourceDate "2010.10.10"]

1. e4 c5 2. Nf3 e6 3. d4 cxd4 4. Nxd4 a6 5. Nc3 b5 6. Be3 Bb7 7. f3 d6 8. Qd2
Nf6 9. O-O-O Nbd7 10. Qf2 Be7 11. h4 Qc7 12. g4 Nc5 13. h5 b4 14. Nce2 Rc8 15.
Ng3 d5 16. g5 Nfd7 17. exd5 Bxd5 18. Rh2 Qa5 19. g6 Qxa2 20. gxf7+ Kxf7 21. Ne4
Qa1+ 22. Kd2 Qxb2 23. Ke1 Rhf8 24. Nxc5 Qc3+ 25. Rd2 Nxc5 26. Qg3 Qxe3+ 27.
Rhe2 Qg5 28. Qh2 Qh4+ 29. Kd1 Qxh2 30. Rxh2 Bf6 31. Rhf2 Kg8 32. Nf5 exf5 33.
Rxd5 Rfd8 34. Rfd2 Rxd5 35. Rxd5 Rd8 36. Bc4 Rxd5+ 37. Bxd5+ Kf8 38. Kc1 Ke7
39. Bg8 h6 40. Bc4 Kd6 41. f4 a5 42. Kb1 Ne6 43. Bd3 Nxf4 0-1

[Event "Pro-Am 2010"]
[Site "Villa Martelli ARG"]
[Date "2010.10.13"]
[Round "2.51"]
[White "Amato, Leonel"]
[Black "Velazquez, Gustavo"]
[Result "0-1"]
[WhiteElo "1791"]
[BlackElo "2054"]
[PlyCount "88"]
[EventDate "2010.10.10"]
[EventType "swiss"]
[EventRounds "9"]
[EventCountry "ARG"]
[Source "lmi"]
[SourceDate "2010.10.10"]

1. e4 d6 2. d4 g6 3. c4 Bg7 4. Nf3 Nf6 5. Nc3 Nbd7 6. Bf4 O-O 7. Qd2 Re8 8.
O-O-O c6 9. Bh6 Bh8 10. h4 Qa5 11. Kb1 e5 12. dxe5 dxe5 13. h5 Nc5 14. hxg6
hxg6 15. Bg5 Nh7 16. Bd8 Rxd8 17. Qxd8+ Qxd8 18. Rxd8+ Kg7 19. Nxe5 Ne6 20. Rd3
Nhg5 21. g3 Kg8 22. Nf3 Nh7 23. Bh3 Bf6 24. Rhd1 Kg7 25. b4 a5 26. a3 axb4 27.
axb4 Nhf8 28. Kc2 Ra7 29. Kb3 Nc5+ 30. bxc5 Bxh3 31. R1d2 Ra8 32. Ra2 Rb8 33.
Nd5 cxd5 34. cxd5 Nd7 35. Kb4 Rc8 36. Rc2 Be7 37. d6 Bf6 38. Nh2 Ne5 39. Ra3
Be6 40. Rca2 Bxa2 41. Rxa2 Nd3+ 42. Kc4 Nxc5 43. Kd5 Nd7 44. Ra5 Nb6# 0-1

[Event "Pro-Am 2010"]
[Site "Villa Martelli ARG"]
[Date "2010.10.13"]
[Round "2.52"]
[White "Morales, Marcos"]
[Black "Gandolfo, Alberto Mario"]
[Result "1-0"]
[WhiteElo "1748"]
[BlackElo "2046"]
[PlyCount "81"]
[EventDate "2010.10.10"]
[EventType "swiss"]
[EventRounds "9"]
[EventCountry "ARG"]
[Source "lmi"]
[SourceDate "2010.10.10"]

1. e4 c6 2. d4 d5 3. Nc3 dxe4 4. Nxe4 Nf6 5. Nxf6+ gxf6 6. c3 Qc7 7. g3 Bf5 8.
Bg2 Nd7 9. Nf3 O-O-O 10. O-O e5 11. Nh4 Be6 12. Qc2 exd4 13. cxd4 Nb6 14. Rd1
Nd5 15. Bd2 h5 16. Qa4 Kb8 17. Rac1 Nb6 18. Qc2 Nd5 19. a3 Bh6 20. Bxh6 Rxh6
21. b4 Rhh8 22. b5 cxb5 23. Qb2 Qd7 24. Rc5 a6 25. a4 b6 26. Rcc1 Rc8 27. axb5
Qxb5 28. Qa3 Nb4 29. Rb1 a5 30. Rxb4 axb4 31. Qa8+ Kc7 32. Qb7+ Kd8 33. Qf3 f5
34. d5 Bd7 35. Nxf5 Bxf5 36. Qxf5 Qd7 37. Qf6+ Kc7 38. d6+ Kb8 39. Ra1 Qa7 40.
Rxa7 Kxa7 41. Qa1+ 1-0

[Event "Pro-Am 2010"]
[Site "Villa Martelli ARG"]
[Date "2010.10.13"]
[Round "2.53"]
[White "Garcia, Ezequiel Alejandro"]
[Black "Cavadini, Rodolfo"]
[Result "1-0"]
[WhiteElo "2032"]
[BlackElo "1647"]
[PlyCount "71"]
[EventDate "2010.10.10"]
[EventType "swiss"]
[EventRounds "9"]
[EventCountry "ARG"]
[Source "lmi"]
[SourceDate "2010.10.10"]

1. Nc3 d5 2. e4 dxe4 3. Nxe4 Nd7 4. Nf3 Ngf6 5. Ng3 e6 6. d4 Be7 7. Bd3 b6 8.
Qe2 Bb7 9. c3 Qc8 10. Bg5 Nd5 11. Bxe7 Nxe7 12. O-O-O a5 13. Rhe1 Ng6 14. Nh5
O-O 15. Ng5 Ba6 16. c4 Nf6 17. Nxf6+ gxf6 18. Ne4 Qd8 19. Qe3 Bb7 20. h4 f5 21.
Ng5 Qd6 22. c5 Qf4 23. h5 Qxe3+ 24. fxe3 Ne7 25. cxb6 cxb6 26. Rg1 Rfc8+ 27.
Kd2 Ba6 28. g4 Bxd3 29. Kxd3 h6 30. Nf3 fxg4 31. Rxg4+ Kf8 32. Ne5 f5 33. Rf1
Nc6 34. Nxc6 Rxc6 35. Rg6 Kf7 36. Rxf5+ 1-0

[Event "Pro-Am 2010"]
[Site "Villa Martelli ARG"]
[Date "2010.10.13"]
[Round "2.55"]
[White "Medone, Raul"]
[Black "Acosta, Pablo Ismael"]
[Result "0-1"]
[WhiteElo "1667"]
[BlackElo "2023"]
[PlyCount "58"]
[EventDate "2010.10.10"]
[EventType "swiss"]
[EventRounds "9"]
[EventCountry "ARG"]
[Source "lmi"]
[SourceDate "2010.10.10"]

1. d4 d5 2. c4 c6 3. Nf3 e6 4. Nc3 Nf6 5. Bg5 Nbd7 6. e3 Be7 7. Rc1 b6 8. cxd5
exd5 9. Bd3 Bb7 10. Qc2 h6 11. Bh4 O-O 12. O-O c5 13. Rfd1 Rc8 14. Ne5 cxd4 15.
Nxd7 Nxd7 16. Bxe7 Qxe7 17. exd4 Rfe8 18. Kf1 Qh4 19. h3 Nf6 20. Re1 Qxd4 21.
Red1 Qe5 22. Qd2 d4 23. f4 Qa5 24. Nb1 Qxa2 25. Na3 Nd5 26. Rxc8 Rxc8 27. Bb1
Qb3 28. Kg1 Nxf4 29. Qxd4 Ne2+ 0-1

[Event "Pro-Am 2010"]
[Site "Villa Martelli ARG"]
[Date "2010.10.13"]
[Round "2.56"]
[White "Pravettoni, Ezequiel"]
[Black "Franco, Gaston Nicolas"]
[Result "0-1"]
[WhiteElo "1499"]
[BlackElo "2017"]
[PlyCount "56"]
[EventDate "2010.10.10"]
[EventType "swiss"]
[EventRounds "9"]
[EventCountry "ARG"]
[Source "lmi"]
[SourceDate "2010.10.10"]

1. e4 c5 2. Nf3 Nc6 3. d4 cxd4 4. Nxd4 g6 5. Nc3 Bg7 6. Be3 Nf6 7. Bc4 O-O 8.
f3 Qb6 9. Ncb5 a6 10. Nc3 Qxb2 11. O-O Qxc3 12. Qd3 Nxe4 13. Nxc6 bxc6 14. fxe4
Qxd3 15. cxd3 Bxa1 16. Rxa1 a5 17. Bh6 Rd8 18. Rf1 d5 19. exd5 cxd5 20. Bb3 Ba6
21. Rf3 Rac8 22. h4 Rc3 23. Bd2 Rxd3 24. Bxa5 Rxf3 25. Bxd8 Rf1+ 26. Kh2 Bc4
27. Bxc4 dxc4 28. Bxe7 c3 0-1

[Event "Pro-Am 2010"]
[Site "Villa Martelli ARG"]
[Date "2010.10.13"]
[Round "2.58"]
[White "Romano, Florencia"]
[Black "Lopez Rebert, Pablo"]
[Result "0-1"]
[WhiteElo "1370"]
[BlackElo "2005"]
[PlyCount "90"]
[EventDate "2010.10.10"]
[EventType "swiss"]
[EventRounds "9"]
[EventCountry "ARG"]
[Source "lmi"]
[SourceDate "2010.10.10"]

1. d4 d5 2. c4 e6 3. Nc3 c6 4. Nf3 Nf6 5. Bg5 h6 6. Bh4 dxc4 7. e3 b5 8. Rc1
Nbd7 9. Be2 Be7 10. Ne5 Nxe5 11. dxe5 Nd7 12. Bg3 Bh4 13. f4 Bxg3+ 14. hxg3 Qb6
15. Qd4 c5 16. Qd6 Qxd6 17. exd6 Rb8 18. Bf3 a6 19. Bc6 Rb6 20. Bxd7+ Kxd7 21.
Ne4 Rc6 22. Rd1 Rd8 23. g4 f5 24. Nf2 Rxd6 25. Rc1 Bb7 26. Rg1 Ke7 27. gxf5
exf5 28. g4 Rg6 29. Ke2 Bc8 30. gxf5 Rxg1 31. Rxg1 Kf7 32. e4 Rd4 33. Rg6 Bb7
34. Ke3 b4 35. e5 c3 36. bxc3 bxc3 37. e6+ Kf8 38. Nd3 c2 39. Rg1 Be4 40. Nxc5
Rd1 41. Nd7+ Ke8 42. Rxd1 cxd1=Q 43. Kxe4 Ke7 44. Ne5 Qc2+ 45. Kf3 Qxf5 0-1

[Event "Pro-Am 2010"]
[Site "Villa Martelli ARG"]
[Date "2010.10.14"]
[Round "3.3"]
[White "Bitelmajer, Martin"]
[Black "Alonso, Salvador"]
[Result "1/2-1/2"]
[WhiteElo "2312"]
[BlackElo "2482"]
[PlyCount "128"]
[EventDate "2010.10.10"]
[EventType "swiss"]
[EventRounds "9"]
[EventCountry "ARG"]
[Source "lmi"]
[SourceDate "2010.10.10"]

1. d4 d5 2. c4 c6 3. e3 Nf6 4. Nf3 Bg4 5. Nc3 e6 6. h3 Bxf3 7. Qxf3 Nbd7 8. Bd3
Bd6 9. O-O O-O 10. e4 dxc4 11. Bxc4 e5 12. d5 Nb6 13. Bb3 cxd5 14. exd5 h6 15.
Rd1 a6 16. Be3 Rc8 17. Qe2 Nbd7 18. Bc2 Qe7 19. Bf5 Rce8 20. Re1 Bc5 21. Rad1
Bxe3 22. Qxe3 Qd6 23. b3 Nb6 24. g4 Re7 25. Kh1 Rc7 26. Ne4 Nxe4 27. Bxe4 Nd7
28. Bf5 Re8 29. f4 e4 30. Rd4 Nf6 31. Bxe4 Rce7 32. Qf3 g6 33. g5 Nh5 34. gxh6
Nxf4 35. Rf1 Nh5 36. Rg1 Kh8 37. Rc4 Qf6 38. Qxf6+ Nxf6 39. Bg2 Rd8 40. Rd1 Ne8
41. Rdc1 Nd6 42. Rc7 Re2 43. R1c2 Re1+ 44. Kh2 Kh7 45. Rc1 Re5 46. R1c2 Kxh6
47. a4 Kg7 48. b4 Re1 49. Rc1 Ree8 50. R1c2 Rh8 51. Kg3 Rhe8 52. Kf2 Kf6 53.
R2c3 Re5 54. Rf3+ Kg7 55. Re3 Rh5 56. Ree7 Kf6 57. Red7 Rxd7 58. Rxd7 Ke5 59.
Re7+ Kd4 60. Rd7 Rf5+ 61. Kg3 Ke5 62. Re7+ Kf6 63. Rd7 Ke5 64. Re7+ Kf6 1/2-1/2

[Event "Pro-Am 2010"]
[Site "Villa Martelli ARG"]
[Date "2010.10.14"]
[Round "3.4"]
[White "Dolezal, Cristian"]
[Black "Krysa, Leandro Sergio"]
[Result "1-0"]
[WhiteElo "2413"]
[BlackElo "2271"]
[PlyCount "46"]
[EventDate "2010.10.10"]
[EventType "swiss"]
[EventRounds "9"]
[EventCountry "ARG"]
[Source "lmi"]
[SourceDate "2010.10.10"]

1. e4 c5 2. d3 Nc6 3. g3 g6 4. Bg2 Bg7 5. c3 d6 6. Nd2 e5 7. a3 Nge7 8. b4 Be6
9. Bb2 O-O 10. b5 Qb6 11. a4 c4 12. Nxc4 Bxc4 13. dxc4 Na5 14. Qe2 Rac8 15. Nh3
Nxc4 16. O-O Rfd8 17. Rfd1 Qa5 18. Rd3 d5 19. Bc1 dxe4 20. Bxe4 Rxd3 21. Qxd3
Qc7 22. Qf3 f5 23. Ng5 Rd8 1-0

[Event "Pro-Am 2010"]
[Site "Villa Martelli ARG"]
[Date "2010.10.14"]
[Round "3.5"]
[White "Tristan, Leonardo"]
[Black "Zamorano, Jorge Adrian"]
[Result "1-0"]
[WhiteElo "2401"]
[BlackElo "2271"]
[PlyCount "93"]
[EventDate "2010.10.10"]
[EventType "swiss"]
[EventRounds "9"]
[EventCountry "ARG"]
[Source "lmi"]
[SourceDate "2010.10.10"]

1. e4 e5 2. Nf3 Nc6 3. Bb5 Nf6 4. d3 d6 5. O-O g6 6. c3 Bg7 7. Re1 O-O 8. Bg5
h6 9. Bh4 Bd7 10. Ba4 Qe8 11. Bc2 Nh5 12. Nbd2 Kh8 13. Nc4 f5 14. exf5 gxf5 15.
d4 e4 16. d5 Qg6 17. Nfd2 Ne5 18. Nxe5 dxe5 19. Kh1 Nf4 20. Bg3 c6 21. d6 Rae8
22. f3 Nd3 23. Re2 Qh5 24. fxe4 Nxb2 25. Qf1 fxe4 26. Rf2 e3 27. Rxf8+ Rxf8 28.
Nf3 b5 29. Qe2 Nc4 30. a4 Bg4 31. axb5 cxb5 32. Rxa7 Nxd6 33. Qxe3 Bxf3 34.
Rxg7 Kxg7 35. Bxe5+ Kf7 36. Bxd6 Re8 37. Qf4+ Kg7 38. Qg3+ Qg4 39. gxf3 Qxg3
40. Bxg3 Kf6 41. Be4 Rc8 42. Bf2 Ke5 43. Bd4+ Kf4 44. Kg2 Rb8 45. Kf2 h5 46. h4
b4 47. Bc5 1-0

[Event "Pro-Am 2010"]
[Site "Villa Martelli ARG"]
[Date "2010.10.14"]
[Round "3.6"]
[White "Orsini, Antonio"]
[Black "Guerrero, Alvaro"]
[Result "1-0"]
[WhiteElo "2390"]
[BlackElo "2270"]
[PlyCount "59"]
[EventDate "2010.10.10"]
[EventType "swiss"]
[EventRounds "9"]
[EventCountry "ARG"]
[Source "lmi"]
[SourceDate "2010.10.10"]

1. d4 d6 2. Nf3 Nf6 3. Bg5 Nbd7 4. c4 g6 5. Nc3 Bg7 6. e4 O-O 7. h3 e5 8. d5 h6
9. Be3 Nc5 10. Nd2 a5 11. g4 Ne8 12. h4 f5 13. exf5 gxf5 14. g5 e4 15. Qh5 Qe7
16. O-O-O f4 17. Bxc5 Bxc3 18. bxc3 Ng7 19. Qxh6 dxc5 20. Nxe4 Bf5 21. Nf6+ Kf7
22. Bd3 Bxd3 23. Rxd3 Qe5 24. Ng4 Qe4 25. f3 Qf5 26. g6+ Ke8 27. Qxg7 Kd8 28.
d6 cxd6 29. Rxd6+ Kc8 30. Rd5 1-0